| 000 | 00764cam a2200253 i 4500 | ||
|---|---|---|---|
| 001 | 1742748 | ||
| 003 | Nust | ||
| 005 | 20220830103330.0 | ||
| 008 | 750710s1975 nyu 000 1 eng | ||
| 010 | _a 75000879 | ||
| 020 | _a9780099478836 | ||
| 040 |
_aDLC _cDLC _dDLC |
||
| 050 | 0 | 0 |
_aPZ4.S428 _bDi3 _aPR6069.C596 |
| 082 | 0 | 0 |
_a813.54 _bSPA |
| 100 | 1 |
_aScott, Paul, _d1920-1978. _998652 |
|
| 245 | 1 | 2 |
_aA division of the spoils : _ba novel / _cby Paul Scott. |
| 260 |
_aNew York : _bMorrow, _c1975. |
||
| 300 |
_a659 p. ; _c24 cm. |
||
| 650 | 0 |
_aBritish _zIndia _xFiction. _998653 |
|
| 651 | 0 |
_aIndia _xHistory _y20th century _xFiction. _991515 |
|
| 655 | 7 |
_aHistorical fiction. _2gsafd |
|
| 906 |
_a7 _bcbc _corignew _d2 _eocip _f19 _gy-gencatlg |
||
| 942 |
_2ddc _cBK |
||
| 999 |
_c234562 _d234562 |
||